000 01848cam a2200181 4500500
005 20260322005644.0
041 _afre
042 _adc
100 1 0 _aGardi, Romain
_eauthor
700 1 0 _aPabion, Lionel
_eauthor
700 1 0 _aTropeau, Christophe
_eauthor
245 0 0 _aSport in rural areas (1815–1970s): A historiographical review and new prospects
260 _c2025.
500 _a60
520 _aFew studies have focused on sport in rural areas, even though the notion of sociability has long been explored in rural history. The history of sport, a prolific field of research since the 1980s, has likewise paid little attention to rural spaces. At the intersection of these two historiographies, sport has long been regarded primarily as an urban phenomenon, which largely explains this historiographical blind spot. However, recent work has begun to challenge this urban-centered perspective by examining rural sociability from the nineteenth century onward. A network of associations began to emerge in villages at the turn of the twentieth century. Modern sport truly began to take off in the 1920s, and only grew in popularity after the Second World War. The aim of this collective article is to provide a comprehensive overview of recent research, but also highlight ongoing gaps in the literature. Nineteenth-century practices are still relatively poorly documented. Peasants’ sporting activities, for instance—especially those of women—seem to have been largely overlooked. Likewise, very little work has addressed sport and sociability in the post-1945 period, at a time when rural areas were experiencing major transformations.
786 0 _nRevue historique | 715 | 3 | 2025-12-17 | p. 521-553 | 0035-3264
856 4 1 _uhttps://shs.cairn.info/journal-revue-historique-2025-3-page-521?lang=en&redirect-ssocas=7080
999 _c1750246
_d1750246